| 000 | 00650nam a22002057a 4500 | ||
|---|---|---|---|
| 010 | _a840677 | ||
| 035 | _a840677 | ||
| 037 | _bCen Lib / Ret | ||
| 040 |
_aDPL _bEN |
||
| 082 |
_a880 _bPUS |
||
| 100 | _aPushkin, Alexander | ||
| 245 |
_aAlexander Pushkin / _bselected works in two volumes / _cby Alexander Pushkin |
||
| 260 |
_aMoscow _bProgress Publishers _c1974 |
||
| 270 |
_aProgress Publishers _bMoscow |
||
| 300 |
_a229p _b24cm(Hb) |
||
| 505 | _av. 2 Prose works | ||
| 650 | _aPushkin, Aleksandr Sergeevich, -- 1799-1837. | ||
| 650 | _aAuthors, Russian -- 19th century -- Biography. | ||
| 942 |
_2ddc _cEN _h880 _mPUS |
||
| 999 |
_c136572 _d136572 |
||